000 00296nam a22001337a 4500
020 _a978-8186308394
041 _aENG
100 _aK.B.Bhatia
245 _aQuiz In Electrical Engineering
260 _aDelhi
_bStandard Pub
_c1997
300 _a235
650 _aEOES
856 _uEOES ( 14 )
999 _c1111
_d1111